National Instruments by Country - Statistics

General Stats
  • This quiz has been taken 48 times
    37 since last reset
  • The average score is 36 of 192
Answer Stats
Country Instrument % Correct
Argentina Bandoneón, Guitar
88%
Fiji Guitar, Ukulele, Mandolin
88%
El Salvador Guitar, Xylophone, Marimba
88%
Belize Marimba, Guitar, Banjo
88%
Seychelles Banjo, Violin, Accordion
81%
Lebanon Lute, Oud
81%
United Kingdom Harp, Violin, Harpsichord
75%
Niger Obo, Lute
75%
Comoros Oud, Violin
75%
Mauritania Tinidit, Lute
75%
Germany Waldzither, Lute
75%
Czechia Bock, Violin, Contrabass
69%
Singapore Violin
69%
Liberia Xylophone, Harp
69%
United States of America Banjo
63%
Saint Lucia Banjo, Cuatro
63%
Tuvalu Drum
63%
Ireland | Paraguay Harp
63%
Djibouti Tanbura, Lyre, Oud
63%
Egypt Trumpet, Lute
63%
Tunisia Fiddle, Oud, Qanun
56%
Qatar Galahs, Oud
50%
Benin | Costa Rica | Guatemala | +3 others Marimba
50%
Mexico Marimba, Guitarrón
50%
Saudi Arabia | Somalia | United Arab Emirates Oud
50%
Iraq Oud, Santoor, Joza
50%
India Veena, Sitar
50%
Mozambique Xylophone, Mbira
50%
Slovenia Accordion
44%
Serbia Accordion, Gaida
44%
Dominican Republic Güira, Accordion
44%
Latvia Kokle, Accordion
44%
Cameroon Bikutsi, Xylophone
38%
Congo | D.R. Congo Mvet, Xylophone
38%
Luxembourg Saxophone
38%
Belgium Schäferpfeife, Saxophone
38%
Nauru | Zambia Xylophone
38%
Ghana Xylophone, Balafon
38%
Côte d'Ivoire Balafon, Djembe
31%
Austria Bock, Bockpfeife
31%
Italy | San Marino Mandolin
31%
CAR | Equatorial Guinea Mvet
31%
Afghanistan Rubab
31%
Pakistan Tabla
31%
Australia Didgeridoo
25%
Canada Dulcimer, Fiddle
25%
Iceland | Netherlands Fiddle
25%
France French Horn, Mandore
25%
Chad Hu Hu, Kakaki, Maracas
25%
Malawi | Zimbabwe Mbira
25%
Sudan Tanbur
25%
Burkina Faso Balafon
19%
Gabon Balafon, Obala
19%
Albania Çifteli
19%
Japan Koto, Shamisen
19%
Syria Qanun
19%
Iran Santoor
19%
Russia Balalaika
13%
Venezuela Cuatro
13%
Armenia Duduk
13%
China Guqin, Pipa, Erhu, Guzheng
13%
Mongolia Morin Khuur
13%
Moldova Nai, Cimbalom
13%
Barbados Shukster, Steel Pan
13%
Grenada | Guyana | Trinidad and Tobago Steel Pan
13%
Malta Tambourine
13%
Angola Angolan Trumpet
6%
Türkiye Bağlama
6%
Azerbaijan Balaban, Tar, Kamancha
6%
Spain Castanets
6%
Bolivia | Chile | Peru Charango
6%
Turkmenistan Dutar
6%
Slovakia Fujara
6%
Bulgaria | North Macedonia Gaida
6%
Poland Hammered Dulcimer
6%
Gambia (The) | Guinea | Mali | +2 others Kora
6%
Ethiopia Krar
6%
Algeria Mandole
6%
Eritrea Negarit, Krar
6%
Brazil Pandeiro
6%
Portugal Portuguese Guitar
6%
Croatia Tamburica
6%
Kuwait Tar
6%
Cuba Tres, Claves
6%
Jamaica Abeng
0%
Marshall Islands Aje
0%
Liechtenstein | Switzerland Alphorn
0%
Indonesia Angklung
0%
Timor-Leste Babadok
0%
Ukraine Bandura
0%
Saint Kitts and Nevis BIg Drum
0%
Saint VIncent and the Grenadines Big Drum
0%
Denmark Birch Trumpet
0%
Greece Bouzouki
0%
Maldives Bulbul Tarang
0%
Guinea-Bissau Calabash
0%
Cabo Verde | São Tomé and Príncipe Cimboa
0%
Solomon Islands Conch Shell
0%
Belarus Cymbaly
0%
Hungary Czimbalom
0%
Vietnam Dan Bau
0%
Kazakhstan Dombra
0%
Bangladesh Dotara
0%
Bhutan Drangyen
0%
Namibia Ekola
0%
Uganda Endongo
0%
Antigua and Barbuda Fife
0%
Morocco Gimbri, Lotar
0%
Bahamas Goombay Drum
0%
Brunei Gulingtangan
0%
Bosnia and Hercegovina | Montenegro Gusle
0%
Norway Hardanger Fiddle
0%
Suriname Harmonium
0%
Rwanda Inānga
0%
Bahrain Jirba Bagpipe
0%
Lithuania Kanklės
0%
Estonia Kannel
0%
Finland Kantele
0%
Tajikistan | Uzbekistan Karnā (Karnay)
0%
Burundi Karyenda
0%
South Korea Kayagŭm
0%
Laos Khène
0%
Israel Kinnor
0%
Togo Kologo (Xalam)
0%
Malaysia Kompang, Hadrah Drums
0%
Kyrgyzstan Komuz
0%
Papua New Guinea Kundu
0%
Philippines Kutiyapi
0%
Dominica Kwéyol, Tanbou
0%
Tonga Lali
0%
Lesotho | South Africa Lesiba
0%
Nepal Madal
0%
Eswatini Makhoyane
0%
Panama Mejoranera (Mejorana)
0%
Romania Nai
0%
Palau Ngaok
0%
Kenya Nyatiti
0%
Sweden Nyckelharpa
0%
North Korea Oungum, Kayagŭm
0%
Georgia Panduri
0%
Samoa Pate, Fala
0%
Monaco Philomel
0%
Thailand Phin Pia
0%
Vatican City Pipe Organ
0%
Cyprus Pithkiavlin, Bouzouki
0%
New Zealand Pūkaea, Pūrerehua
0%
Yemen Qanbūs
0%
Sri Lanka Ravanahatha
0%
Mauritius Ravanne, Kayamb
0%
Cambodia Roneat Ek, Sheng
0%
Andorra Sac de Gemecs
0%
Myanmar Saung-Gauk
0%
Botswana Segankuru
0%
Jordan Shababa
0%
Vanuatu Slit Gong (Slit Drum)
0%
Micronesia Stick
0%
Sierra Leone Tabulay
0%
Uruguay Tamboril
0%
Oman Tamboura
0%
Haiti Tanbou
0%
Kiribati Te Buki
0%
Colombia Tiple
0%
Madagascar Vali
0%
Libya Zokra
0%
No matching quizzes found
Score Distribution
Percent of People with Each Score
Percentile by Number Answered
Your Score History
You have not taken this quiz since the last reset